Legislación política española / (Record no. 90434)

MARC details
000 -LEADER
campo de control de longitud fija 00710nam a2200205 i 4500
001 - NÚMERO DE CONTROL
campo de control 90434
003 - IDENTIFICADOR DE NÚMERO DE CONTROL
campo de control ES-MaACL
005 - FECHA Y HORA DE LA ÚLTIMA TRANSACCIÓN
campo de control 20230906180436.0
007 - CAMPO FIJO DE DESCRIPCIÓN FÍSICA--INFORMACIÓN GENERAL
campo de control de longitud fija t|
008 - DATOS DE LONGITUD FIJA--INFORMACIÓN GENERAL
campo de control de longitud fija 050120s1980 sp ||||1| spa d
110 00 - ENTRADA PRINCIPAL--NOMBRE DE ENTIDAD CORPORATIVA
Nombre de entidad corporativa o nombre de jurisdicción como elemento de entrada España.
Título de la obra Leyes, etc.
9 (RLIN) 184149
245 10 - MENCIÓN DEL TÍTULO
Título Legislación política española /
Mención de responsabilidad, etc. [edición preparada por Manuel Aragón Reyes, Ricardo Blanco Canals y Francisco Rubio Llorente].
260 ## - PUBLICACIÓN, DISTRIBUCIÓN, ETC.
Lugar de publicación, distribución, etc. [Madrid] :
Nombre del editor, distribuidor, etc. Centro de Estudios Constitucionales,
Fecha de publicación, distribución, etc. 1980.
300 ## - DESCRIPCIÓN FÍSICA
Extensión 2 v. ;
Dimensiones 16 cm.
700 1# - ENTRADA AGREGADA--NOMBRE PERSONAL
Nombre de persona Aragón Reyes, Manuel.
9 (RLIN) 22191
700 1# - ENTRADA AGREGADA--NOMBRE PERSONAL
Nombre de persona Blanco Canals, Ricardo.
9 (RLIN) 29230
700 1# - ENTRADA AGREGADA--NOMBRE PERSONAL
Nombre de persona Rubio Llorente, Francisco.
9 (RLIN) 100424
852 ## - LOCALIZACIÓN
Ubicación ES-MaACL
Número de control de estantería L-3008-9
Sublocalización o colección R.103455
Holdings
Estatus retirado Estado de pérdida Estado de daño No para préstamo Biblioteca de origen Biblioteca actual Ubicación en estantería Fecha de adquisición Fuente de adquisición Total de préstamos Signatura topográfica completa Código de barras Visto por última vez Precio de reemplazo Tipo de ítem Koha
        Biblioteca del Ateneo de Madrid Biblioteca del Ateneo de Madrid Depósito 2 17/01/2008     L-3008-9 1094434 23/02/2023 23/02/2023 Libro impreso